01504nam a2200361 a 4500001001000000003000500010005001700015008004100032010001100073011001100084040000900095090001000104100004400114245013300158260004100291500006000332502007500392590003700467590004100504590004000545590004000585650003100625650003400656650004800690856001600738856007000754901000700824942001000831942000600841999001900847952013600866952014001002000110897CHAP20220329144150.0141020s2014 mx fsm |||||||spa d a107359 a108331 cCHAP aTesis1 aCano Hernández, Marco Antonio912865610aRendimiento de forraje de la asociación de dos gramíneas y una leguminosah[En línea]cpor Marco Antonio Cano Hernández. aChapingo, Méx. :bEl autor,c2014. aPara ver el contenido del material haga clic en la liga aTesis (Ing. Agr. Esp. en Zootecnia) -- UACH. Departamento de Zootecnia aBATCHb00c20181121lUCH01h0759 aE11695DGDb10c20141021lUCH01h0926 aE5995AHEb05c20141020lUCH01h1107 aE5995AHEb05c20141020lUCH01h110814aCultivos asociados.93037014aForrajesxRendimiento.94259314aPastos forrajeros4Pastos forrajeros986094 a1 n0001236 aFinding aiduhttp://10.13.5.2/tesis/sist110897.pdfzTeclea aquí aBK cTESIS n0 c107359d107359 00104054718TESISaBCbBCd2014-10-20fTESISl0oTesisp33724002424835r2019-12-31 00:00:00w2019-12-31yTESISzRecien adquirido 00102local4053708TESISaBCbBCcPA_TESISd2014-10-20fTESISl0oTesisp33724002425587r2019-12-31 00:00:00tc.2w2019-12-31yTESIS